000
00298nam a22001337a 4500
008
180927b xxu||||| |||| 00| 0 eng d
020
_a
0892030186
041
_a
eng
080
_a
617
100
_a
8
101
_a
ORT
245
_a
Orthopaedic Knowledge Update
_c
Sullivan.j
942
_2
udc
_c
BK
999
_c
48627
_d
48627